000 01221nam a2200265Ia 4500
999 _c34722
_d34722
001 509
003 GE_BSU
005 20200129161012.0
008 181216s1998||||ge |||||||||||||| ||geo||
020 _a9992865172
040 _cGE_BSU
041 _ageo
080 _a811.14'02 ძ-49
245 _aძველი ბერძნული ენა :
_b(საკითხავი ტექსტები და სავარჯიშოები) /
_c[რედ.: ლაშა ბერაია].
264 _aთბილისი,
_c1998.
300 _a80 გვ.;
_b19 სმ.
490 _aპროგრამა "ლოგოსი". პუბლიკ. და ღონისძ. კლას. ფილოლ., ბიზანტ. და ნეოგრეც. სფეროში
653 _aძველი ბერძნული ენა
653 _aსაკითხავი ტექსტები
653 _aძველი ბერძნული ენა
653 _aსავარჯიშოები
700 _a ბერაია, ლაშა
_eრედაქტორი
_96499
710 _aთბილისის უნ-ტი
_96500
942 _cBK
_2udc